MARC

LEADER 00000nam0a2200000 4500
001 226647
005 20231101230739.0
010 |a 5247004663 
020 |a RU  |b 90-22104 
035 |a (RuTPU)RU\TPU\book\247034 
090 |a 226647 
100 |a 20121126d1990 km a0rusy5003 ca 
101 0 |a rus 
102 |a RU 
105 |a a z 001zy 
200 1 |a Подземные льды  |f И. Д. Данилов 
210 |a Москва  |c Недра  |d 1990 
215 |a 137,[3] с.  |c ил.  |d 21 см. 
320 |a Библиогр.: с. 139 (7 назв.). 
606 1 |a Лед подземный  |2 stltpush  |3 (RuTPU)RU\TPU\subj\39925  |9 59823 
610 1 |a подземные льды 
610 1 |a ледники 
610 1 |a вечная мерзлота 
610 1 |a лед 
610 1 |a криосфера 
610 1 |a ледяные бугры 
675 |a 551.324.2  |z rus  |v 3 
700 1 |a Данилов  |b И. Д.  |g Игорь Дмитриевич  |4 070 
801 0 |a RU  |b RuMRKP  |c 19950417  |g psbo 
801 1 |a RU  |b 63413507  |c 20121126 
801 2 |a RU  |b 63413507  |c 20130611  |g RCR 
942 |c BK